Pagos provisionales, de ISR, IETU y pagos definitivos de IVA

Detalles Bibliográficos
Autor principal: Campero Guerrero, Eladio
Formato: eBook
Lenguaje:español
Publicado: Mx̌ico : Tax Editores, 2012
Materias:
Acceso en línea:Acceso restringido

MARC

LEADER 00000nam a22000007a 4500
005 20120125123646.0
007 cr|||| ||||
008 120125s2012 mx |||||s|||| 00||0 spa d
020 |a 978-607-440-283-4 
035 |a 6153 
040 |a vLex 
090 |c 2951  |d 2951 
100 1 |a Campero Guerrero, Eladio 
245 1 0 |a Pagos provisionales, de ISR, IETU y pagos definitivos de IVA  |h [Recurso electrn̤ico] /  |c Eladio Campero Guerrero, Raymundo Fol Olguin  
256 |a Servicio en ln̕ea 
260 |a Mx̌ico :  |b Tax Editores,  |c 2012 
300 |a 1 recurso electrn̤ico 
506 1 |a Contenido solo disponible en los productos indicados  |d vLex Global   |d vLex Global (Academic Edition, excluding Law Schools)   |d vLex Global (U.S. Academic Edition, Law Schools)   |d vLex Global (U.S. Academic Edition, excluding Law Schools)   |d vLex Global (Academic Edition, Law Schools)  
650 0 4 |a Derecho fiscal 
650 0 4 |a Impuestos 
740 0 |a vLex Libros (Servicio en ln̕ea) 
856 4 0 |u http://vlex.com/source/pagos-provisionales-isr-ietu-pagos-definitivos-iva-6153  |z Acceso restringido 
942 |c BOOK 
999 0 |a Taxation - Law and legislation